|
|
|
|
| LEADER |
02130pam\a2200469\a\4500 |
| 001 |
AALProQuestebook000003 |
| 003 |
BD-DhAAL |
| 006 |
m||||||||d|||||||| |
| 007 |
cr|||||||||||| |
| 008 |
210724t20142014mdu\\\\\ob\\\\001\0\eng|d |
| 020 |
|
|
|a 9780739178348 (cloth : alk. paper)
|
| 020 |
|
|
|a 9780739178355 (electronic bk.)
|
| 035 |
|
|
|a (MiAaPQ)EBC1579849
|
| 035 |
|
|
|a (Au-PeEL)EBL1579849
|
| 035 |
|
|
|a (CaPaEBR)ebr10818923
|
| 035 |
|
|
|a (CaONFJC)MIL551542
|
| 035 |
|
|
|a (OCoLC)865508380
|
| 040 |
|
|
|a BD-DhAAL
|
| 082 |
|
|
|a 338.47687095492
|2 23
|
| 100 |
|
|
|a Rahman, Shahidur.
|9 41149
|
| 245 |
|
|
|a Broken promises of globalization
|h [electronic resource] :
|b the case of the Bangladesh garment industry /
|c Shahidur Rahman.
|
| 264 |
|
|
|a Lanham :
|b Lexington Books,
|c c2014
|
| 300 |
|
|
|a 1 online resource (152 pages)
|
| 500 |
|
|
|a <strong>Off-Campus Access:</strong> Athens ID and Password Required
|
| 500 |
|
|
|a <strong>On-Campus Access:</strong> No User ID or Password Required
|
| 500 |
|
|
|a Access type: Unlimited
|
| 504 |
|
|
|a Includes bibliographical references and index.
|
| 506 |
|
|
|a Electronic access restricted to authorized BRAC University faculty, staff and students
|
| 526 |
|
|
|a ESS
|x Professor Shahidur Rahman
|
| 538 |
|
|
|a Mode of access: Internet
|
| 541 |
|
|
|a ProQuest
|h USD 272.00
|
| 650 |
|
|
|a Clothing trade
|z Bangladesh.
|9 41150
|
| 650 |
|
|
|a Clothing workers
|z Bangladesh.
|9 41151
|
| 650 |
|
|
|a Clothing workers
|x Labor unions
|z Bangladesh.
|9 41152
|
| 650 |
|
|
|a Economic development
|x Social aspects
|z Bangladesh.
|9 41153
|
| 651 |
|
|
|a Bangladesh
|x Commerce.
|9 41154
|
| 655 |
|
|
|a Electronic books.
|
| 852 |
|
|
|a Ayesha Abed Library
|
| 856 |
|
|
|z Full text available on ProQuest
|u https://ebookcentral.proquest.com/lib/bracu/detail.action?docID=1579849
|
| 942 |
|
|
|2 ddc
|c EBK
|
| 999 |
|
|
|c 43249
|d 43249
|
| 952 |
|
|
|0 0
|1 0
|2 ddc
|4 0
|6 338_476870954920000_RAH
|7 0
|9 69356
|a BRACUL
|b BRACUL
|d 2021-07-25
|e ProQuest
|g 23.00
|l 0
|o 338.47687095492 RAH
|r 2021-07-25
|t 1
|w 2021-07-25
|y EBK
|x As discussed with Acquisition team, according to invoice date (20.07.2021) of the ebook, converted USD 272.00 to BDT 23,072.608
|